Fundamentals of Management / Essentials Concepts and Application: Second Edition (Record no. 790)
[ view plain ]
| 000 -LEADER | |
|---|---|
| fixed length control field | 01415cam a22002174a 4500 |
| 005 - ΗΜΕΡΟΜΗΝΙΑ ΚΑΙ ΩΡΑ ΤΕΛΕΥΤΑΙΑΣ ΕΝΗΜΕΡΩΣΗΣ | |
| Πεδίο ελέγχου | 20250605163946.0 |
| 008 - FIXED-LENGTH DATA ELEMENTS--GENERAL INFORMATION | |
| Πεδίο ελέγχου σταθερού μήκους | 250528s ||||||||||||||||||||||||d |
| 035 ## - SYSTEM CONTROL NUMBER | |
| System control number | 15196 |
| 020 ## - ISBN | |
| ISBN | 138961433 |
| 040 ## - ΠΗΓΗ ΚΑΤΑΛΟΓΟΓΡΑΦΗΣΗΣ | |
| Φορέας πρωτότυπης καταλογογράφησης | MC Athens Campus Library |
| Γλώσσα καταλογογράφησης | Ελληνικά, Μοντέρνα (1453-) |
| Modifying agency | MC Athens Campus Library |
| Κανόνες περιγραφικής καταλογογράφησης | AACR2 |
| 245 1# - ΤΙΤΛΟΣ ΚΑΙ ΔΗΛΩΣΗ ΥΠΕΥΘΥΝΟΤΗΤΑΣ | |
| Τίτλος | Fundamentals of Management / Essentials Concepts and Application: Second Edition |
| 250 ## - EDITION STATEMENT | |
| Edition statement | 2nd |
| 260 ## - PUBLICATION, DISTRIBUTION, ETC. | |
| Name of publisher, distributor, etc. | Prentice Hall, |
| Date of publication, distribution, etc. | 1998 |
| 300 ## - PHYSICAL DESCRIPTION | |
| Extent | 598 |
| 520 ## - SUMMARY, ETC. | |
| Summary, etc. | This book has a crisp, conversational writing style and focuses on issues relevant to today's students, along with lots of visual examples. Introduction, Managers and Management, The Changing Face of Management, Planning, Foundations of Planning, Planning Tools and Techniques, Foundations of Decision Making, Organizing, Technology and the Design of Work Processes, Basic Organization Designs, Staffing and Human Resource Management, Managing Change and Innovation, Leading, Foundations of Individual and Group Behavior, Understanding Work Teams, Motivating and Rewarding Employees, Leadership and Supervision, Communication and Interpersonal Skills, Controlling, Foundations of Control, Control Tools and Techniques, Appendices, The Historical Roots of Contemporary Management Practices, Understanding Your Career, Notes, Name and Organization Index. |
| 700 1# - ΠΡΟΣΘΕΤΗ ΑΝΑΓΡΑΦΗ--ΦΥΣΙΚΟ ΠΡΟΣΩΠΟ | |
| Personal name | De Cenzo David A |
| 9 (RLIN) | 1078 |
| 700 1# - ΠΡΟΣΘΕΤΗ ΑΝΑΓΡΑΦΗ--ΦΥΣΙΚΟ ΠΡΟΣΩΠΟ | |
| Personal name | Robbins Stephen P |
| 9 (RLIN) | 1079 |
| 942 ## - ADDED ENTRY ELEMENTS (KOHA) | |
| Koha item type | Books |
| Τύπος τεκμηρίου | Βιβλιοθήκη | Τρέχουσα τοποθεσία | Barcode | Αριθμός εισαγωγής | Ημερομηνία απόκτησης | Ταξιθετικό σύμβολο | Αριθμός αντιτύπου | Κατάσταση απόσυρσης | Κατάσταση χαμένου | Κατάσταση κατεστραμμένου | Μη δανεισμός | Σύνολο δανεισμών | Ημερομηνία τελευταίας εμφάνισης | Η τιμή ισχύει από |
|---|---|---|---|---|---|---|---|---|---|---|---|---|---|---|
| Books | MC Athens Campus Library | MC Athens Campus Library | 9780000007896 | 1431 | 05/06/2025 | 658 ROB | 1 | 05/06/2025 | 05/06/2025 |